Папка № 36 : Физические условия залегания глубинного вещества и сейсмические явления. Гл. 4 : Прогнозирование, инициирование горных ударов и землетрясений: машинопись; Библиотека профессора А. А. Воробьева

Dettagli Bibliografici
Parent link:Библиотека профессора А. А. Воробьева: архивные материалы/ А. А. Воробьев; Национальный исследовательский Томский политехнический университет, Научно-техническая библиотека. Папка № 36 : Физические условия залегания глубинного вещества и сейсмические явления. Гл. 4 : Прогнозирование, инициирование горных ударов и землетрясений.— : [Б. и.], [Б. г.]
Lingua:russo
Pubblicazione: [Б. г.]
Soggetti:
Natura: MixedMaterials Libro
KOHA link:https://koha.lib.tpu.ru/cgi-bin/koha/opac-detail.pl?biblionumber=351536

MARC

LEADER 00000nam2a2200000 4500
001 351536
005 20231102010420.0
035 |a (RuTPU)RU\TPU\retro\6598 
035 |a RU\TPU\retro\6597 
090 |a 351536 
100 |a 20190607d k y0rusy50 ca 
101 0 |a rus 
102 |a RU 
105 |a y z 000zy 
200 0 |a Папка № 36 : Физические условия залегания глубинного вещества и сейсмические явления. Гл. 4 : Прогнозирование, инициирование горных ударов и землетрясений  |e машинопись 
210 |d [Б. г.] 
215 |a 83 л. 
317 |5 63413507: КР-6623  |a Поступил в НТБ в 1987 г. в дар от вдовы ученого Е. К. Завадовской 
461 1 |0 (RuTPU)RU\TPU\retro\6701  |t Библиотека профессора А. А. Воробьева  |o архивные материалы  |f А. А. Воробьев  |g Национальный исследовательский Томский политехнический университет, Научно-техническая библиотека  |v Папка № 36 : Физические условия залегания глубинного вещества и сейсмические явления. Гл. 4 : Прогнозирование, инициирование горных ударов и землетрясений  |n [Б. и.]  |d [Б. г.] 
606 1 |a Сейсмическое прогнозирование  |2 stltpush  |3 (RuTPU)RU\TPU\subj\66535  |9 82621 
610 1 |a библиотека А. А. Воробьева 
610 1 |a труды учёных ТПУ 
610 1 |a сейсмические явления 
610 1 |a глубинные вещества 
610 1 |a залегание 
610 1 |a горные удары 
610 1 |a землетрясения 
610 1 |a инициирование 
675 |a 550.345  |v 4 
801 1 |a RU  |b 63413507  |c 20190607 
801 2 |a RU  |b 63413507  |c 20191106  |g RCR 
942 |c BK